[Event "8eme Open International de La Fere"]
[Site "La Fere (FRA)"]
[Date "2009.07.11"]
[Round "9.1"]
[White "Malaniuk, Vladimir P"]
[Black "Gharamian, Tigran"]
[Result "1/2-1/2"]
[WhiteElo "2563"]
[BlackElo "2615"]
[PlyCount "58"]
[EventDate "2009.??.??"]

1. d4 e6 2. e4 d5 3. exd5 exd5 4. Nf3 Bg4 5. Qe2+ Qe7 6. Qxe7+ Nxe7 7. Ne5 Bf5
8. c3 Nd7 9. Nxd7 Kxd7 10. Nd2 Re8 11. Nf3 Ng6+ 12. Be3 Bd6 13. Kd2 f6 14. Bd3
Bxd3 15. Kxd3 h5 16. Rhe1 c6 17. Bd2 Re7 18. Rxe7+ Nxe7 19. h3 Nf5 20. g4 hxg4
21. hxg4 Rh3 22. Ke2 Nh4 23. Nxh4 Rxh4 24. Rg1 b5 25. Be3 a6 26. Kf3 Rh3+ 27.
Kg2 Rh2+ 28. Kf3 Rh3+ 29. Kg2 Rh2+ 1/2-1/2

[Event "8eme Open International de La Fere"]
[Site "La Fere (FRA)"]
[Date "2009.07.11"]
[Round "9.3"]
[White "Konguvel, Ponnuswamy"]
[Black "Riff, Jean-Noel"]
[Result "1-0"]
[WhiteElo "2419"]
[BlackElo "2505"]
[PlyCount "81"]
[EventDate "2009.??.??"]

1. e4 c5 2. Nf3 d6 3. d4 Nf6 4. Nc3 cxd4 5. Nxd4 e6 6. Be3 Be7 7. f3 Nc6 8. Qd2
O-O 9. g4 Nd7 10. O-O-O Nde5 11. Qg2 Nxd4 12. Bxd4 Qa5 13. Kb1 Rb8 14. Nb5 a6
15. Bc3 Qb6 16. Nd4 Qc7 17. f4 Nc4 18. Bxc4 Qxc4 19. g5 b5 20. f5 b4 21. Be1
Re8 22. b3 Qc7 23. f6 Bf8 24. h4 Kh8 25. Bd2 d5 26. e5 Qxe5 27. Nc6 Qc7 28.
Nxb8 Bb7 29. Nxa6 Bxa6 30. h5 d4 31. Rh4 Rc8 32. Rc1 d3 33. c4 bxc3 34. Rxc3
Qd7 35. g6 Rxc3 36. Bxc3 Bb7 37. fxg7+ Bxg7 38. gxf7 Qxf7 39. Qxg7+ Qxg7 40.
Bxg7+ Kxg7 41. Rd4 1-0

[Event "8eme Open International de La Fere"]
[Site "La Fere (FRA)"]
[Date "2009.07.11"]
[Round "9.4"]
[White "Goldsztejn, Gildas"]
[Black "Schmidt, Raul"]
[Result "1-0"]
[WhiteElo "2403"]
[BlackElo "2377"]
[PlyCount "73"]
[EventDate "2009.??.??"]

1. e4 e6 2. d4 d5 3. Nc3 Bb4 4. e5 c5 5. Bd2 cxd4 6. Nb5 Bc5 7. Qg4 Kf8 8. b4
Be7 9. Nxd4 Qc7 10. Ngf3 Nh6 11. Qf4 Nc6 12. Nxc6 Qxc6 13. Bd3 Bd7 14. O-O Rc8
15. a4 Qc7 16. Nd4 f5 17. Rfe1 g5 18. Qf3 Kg7 19. Qh5 Nf7 20. Bxf5 exf5 21. e6
Rhf8 22. Nxf5+ Kf6 23. exf7 Bxf5 24. Bxg5+ Kg7 25. Qh6+ Kxf7 26. Rxe7+ Qxe7 27.
Bxe7 Kxe7 28. Re1+ Kf7 29. Qh5+ Kg8 30. Qg5+ Bg6 31. Qxd5+ Rf7 32. h4 Bxc2 33.
Re7 Rcf8 34. h5 h6 35. Rxb7 Bxa4 36. Rxa7 Bc6 37. Qe6 1-0

[Event "8eme Open International de La Fere"]
[Site "La Fere (FRA)"]
[Date "2009.07.11"]
[Round "9.5"]
[White "Venkatesh, M.r"]
[Black "Degraeve, Jean-Marc"]
[Result "0-1"]
[WhiteElo "2426"]
[BlackElo "2559"]
[PlyCount "128"]
[EventDate "2009.??.??"]

1. e4 Nf6 2. e5 Nd5 3. Nc3 e6 4. d4 d6 5. Nf3 Be7 6. Ne4 dxe5 7. dxe5 Bd7 8. c3
Bc6 9. Bd3 Nd7 10. O-O h6 11. b4 a6 12. a4 b6 13. Bd2 Nf8 14. b5 Bb7 15. bxa6
Bxa6 16. Bxa6 Rxa6 17. Qb3 c6 18. Qc4 Qa8 19. Qd4 b5 20. c4 bxc4 21. Nd6+ Bxd6
22. exd6 Nf6 23. Ne5 N8d7 24. Nxd7 Kxd7 25. a5 c5 26. Qxc4 Rxd6 27. Be3 Qd5 28.
Qxc5 Qxc5 29. Bxc5 Ra6 30. Bd4 Rha8 31. Rfd1 Ke7 32. Bc3 g5 33. Rdb1 Nd5 34.
Rb7+ Kd6 35. Bd2 R6a7 36. Rb3 Rc7 37. h3 Rc2 38. Rd1 f6 39. Ra3 Ra6 40. h4 Ke5
41. hxg5 hxg5 42. g3 g4 43. Ra4 f5 44. Ra3 Kd6 45. f3 gxf3 46. Rxf3 Ke7 47. Rf2
Rc4 48. Kg2 Kf7 49. Rh1 Nf6 50. Re2 Rc2 51. Kf3 Ne4 52. Be1 Rc1 53. g4 Rxa5 54.
gxf5 exf5 55. Kf4 Ra4 56. Kf3 Rb1 57. Rg1 Nf6 58. Bf2 Rbb4 59. Rg5 Rf4+ 60. Kg2
Ne4 61. Rh5 Rg4+ 62. Kh2 Ng5 63. Rh8 Nf3+ 64. Kh3 Ra1 0-1

[Event "8eme Open International de La Fere"]
[Site "La Fere (FRA)"]
[Date "2009.07.11"]
[Round "9.6"]
[White "Gozzoli, Yannick"]
[Black "Husson, Cybele"]
[Result "1-0"]
[WhiteElo "2498"]
[BlackElo "2037"]
[PlyCount "73"]
[EventDate "2009.??.??"]

1. d4 f5 2. g3 g6 3. Bg2 Bg7 4. c4 c5 5. d5 Na6 6. Nh3 b5 7. cxb5 Qa5+ 8. Nc3
Bxc3+ 9. bxc3 Qxb5 10. O-O d6 11. Qc2 Qc4 12. Qd3 Qxd3 13. exd3 h6 14. Rb1 Kf7
15. Bd2 g5 16. f4 g4 17. Nf2 Nf6 18. Rb3 Rb8 19. Rfb1 Rxb3 20. Rxb3 Nd7 21. Nd1
c4 22. dxc4 Nac5 23. Rb1 h5 24. Be3 h4 25. Bd4 Rh6 26. Ne3 hxg3 27. hxg3 Nf6
28. Bxc5 dxc5 29. Rb5 Nh5 30. Rxc5 Nxg3 31. Rxc8 Ra6 32. Kh2 Nh5 33. Nxf5 Rxa2
34. Nh6+ Kg7 35. Nxg4 Nxf4 36. Ne3 Re2 37. Kg3 1-0

[Event "8eme Open International de La Fere"]
[Site "La Fere (FRA)"]
[Date "2009.07.11"]
[Round "9.7"]
[White "Piankov, Evgenij"]
[Black "Genov, Petar"]
[Result "1/2-1/2"]
[WhiteElo "2356"]
[BlackElo "2478"]
[PlyCount "121"]
[EventDate "2009.??.??"]

1. d4 g6 2. c3 Bg7 3. e4 d6 4. Bg5 Nf6 5. Nd2 O-O 6. Ngf3 Nbd7 7. Bc4 e5 8.
dxe5 dxe5 9. O-O Qe7 10. Qc2 Re8 11. Rfe1 Nf8 12. Bh4 h6 13. Nf1 c6 14. Ne3 Qc7
15. Rad1 Ne6 16. Nd2 Nh5 17. a4 a6 18. Ra1 a5 19. Rad1 Bf6 20. Bxf6 Nxf6 21. g3
Ng5 22. h4 Ne6 23. Nb3 Kg7 24. Bf1 Nf8 25. Rd2 Be6 26. Nc5 b6 27. Nxe6+ Nxe6
28. Bh3 Nc5 29. Bg2 Rad8 30. Red1 Rxd2 31. Rxd2 Rd8 32. Rxd8 Qxd8 33. b4 Nb7
34. Nc4 Qc7 35. Qd3 Qe7 36. Qd2 axb4 37. cxb4 b5 38. axb5 cxb5 39. Na3 Nd6 40.
Qd3 Qc7 41. Nxb5 Qc1+ 42. Qf1 Qxf1+ 43. Bxf1 Nxb5 44. Bxb5 Nxe4 45. Bc6 Nd6 46.
b5 Nc8 47. Kg2 f5 48. Kf3 Kf6 49. Ke3 g5 50. hxg5+ hxg5 51. Kd3 Nb6 52. Kc3 Ke6
53. Kb4 Kd6 54. Be8 Nd5+ 55. Kc4 f4 56. Bc6 Nf6 57. Ba8 g4 58. gxf4 exf4 59.
Kd4 g3 60. fxg3 fxg3 61. Ke3 1/2-1/2

[Event "8eme Open International de La Fere"]
[Site "La Fere (FRA)"]
[Date "2009.07.11"]
[Round "9.10"]
[White "Pytel, Krzysztof"]
[Black "Noordhoek, Henk"]
[Result "1/2-1/2"]
[WhiteElo "2383"]
[BlackElo "2080"]
[PlyCount "69"]
[EventDate "2009.??.??"]

1. Nf3 Nf6 2. g3 g6 3. b3 Bg7 4. Bb2 d5 5. c4 c6 6. Bg2 O-O 7. O-O Bf5 8. d3
Qc8 9. Re1 Re8 10. Nbd2 Bh3 11. Bh1 Nbd7 12. Rc1 Qb8 13. Qc2 e5 14. Ng5 Bg4 15.
cxd5 cxd5 16. e4 h6 17. h3 hxg5 18. hxg4 d4 19. Bf3 Rc8 20. Qb1 Qd6 21. Rxc8+
Rxc8 22. Rc1 Rc6 23. a4 Bf8 24. Rc4 a6 25. Bd1 b5 26. axb5 axb5 27. Rxc6 Qxc6
28. Nf3 Nh7 29. Bc1 f6 30. Bd2 b4 31. Ne1 Nb8 32. Nc2 Qb5 33. Be2 Nc6 34. Kg2
Bd6 35. Ne1 1/2-1/2

[Event "8eme Open International de La Fere"]
[Site "La Fere (FRA)"]
[Date "2009.07.11"]
[Round "9.11"]
[White "Gozzoli, Cyrille"]
[Black "Houriez, Clement"]
[Result "1-0"]
[WhiteElo "2125"]
[BlackElo "2314"]
[PlyCount "111"]
[EventDate "2009.??.??"]

1. d4 Nf6 2. Nf3 e6 3. Bf4 c5 4. c3 cxd4 5. cxd4 b5 6. e3 a6 7. Be2 Bb7 8. O-O
Be7 9. h3 O-O 10. a3 d6 11. Nc3 Nbd7 12. Rc1 Nb6 13. Nd2 Qd7 14. e4 Rfd8 15.
Be3 d5 16. e5 Ne8 17. f4 Nc4 18. Nxc4 dxc4 19. Bf3 Rac8 20. Ne4 Bd5 21. Nc3
Bxf3 22. Qxf3 Nc7 23. Rfd1 Nd5 24. Nxd5 Qxd5 25. Qxd5 Rxd5 26. Rc2 Rcd8 27. Ra1
Rb8 28. a4 Bd8 29. axb5 axb5 30. b3 cxb3 31. Rb2 Bb6 32. Rxb3 f6 33. Rb4 Rbd8
34. Ra6 Rb8 35. Kf2 Kf7 36. Kf3 Ke7 37. Ke4 f5+ 38. Kd3 Kd7 39. Ra2 Kc6 40.
Rc2+ Kb7 41. Rcb2 Kc6 42. Rc2+ Kd7 43. Ra2 Bc7 44. g4 Rf8 45. gxf5 Rxf5 46. Ra7
Rf8 47. Rb1 Rc8 48. Rc1 g6 49. h4 b4 50. Rb7 Ra5 51. Rxb4 Bd8 52. Rb7+ Rc7 53.
Rbxc7+ Bxc7 54. h5 Bb6 55. hxg6 hxg6 56. Rg1 1-0

[Event "8eme Open International de La Fere"]
[Site "La Fere (FRA)"]
[Date "2009.07.11"]
[Round "9.12"]
[White "Sandu, Mihaela"]
[Black "Thomas, Olivier"]
[Result "1-0"]
[WhiteElo "2312"]
[BlackElo "2068"]
[PlyCount "93"]
[EventDate "2009.??.??"]

1. e4 c5 2. Nf3 Nc6 3. d4 cxd4 4. Nxd4 Nf6 5. Nc3 e5 6. Ndb5 d6 7. Bg5 a6 8.
Na3 b5 9. Nd5 Be7 10. Bxf6 Bxf6 11. c3 Ne7 12. Nxf6+ gxf6 13. Nc2 Bb7 14. Bd3
d5 15. exd5 Qxd5 16. Ne3 Qe6 17. Qc2 Nd5 18. Nxd5 Bxd5 19. Bf5 Qc6 20. f3 h5
21. O-O-O Rb8 22. f4 b4 23. Qd3 Be6 24. Bxe6 Qxe6 25. c4 e4 26. Qd4 O-O 27. f5
Qxf5 28. Rhf1 Qg5+ 29. Kb1 Qe5 30. Rxf6 Qxd4 31. Rxd4 Kg7 32. Rfd6 f5 33. Kc2
Rf6 34. Rd7+ Kg6 35. b3 Kg5 36. Kd2 h4 37. Ke3 Re8 38. g3 hxg3 39. hxg3 Ree6
40. c5 Rc6 41. R4d5 Rc8 42. Re7 Kg4 43. Rg7+ Kh3 44. Kf4 Kg2 45. Rd2+ Kg1 46.
Rc2 Rfc6 47. Rd7 1-0

[Event "8eme Open International de La Fere"]
[Site "La Fere (FRA)"]
[Date "2009.07.11"]
[Round "9.13"]
[White "Forthofer, Robert"]
[Black "Mataigne, Jean-Michel"]
[Result "1/2-1/2"]
[WhiteElo "2263"]
[BlackElo "2053"]
[PlyCount "49"]
[EventDate "2009.??.??"]

1. f4 d5 2. e3 Nf6 3. Nf3 g6 4. Be2 Bg7 5. O-O O-O 6. d3 c5 7. Ne5 Nbd7 8. Nxd7
Bxd7 9. Bf3 Bc6 10. Qe1 Qc7 11. e4 dxe4 12. dxe4 e5 13. Nc3 exf4 14. Qh4 Qe5
15. Qxf4 Qxf4 16. Bxf4 Rad8 17. Rad1 Nh5 18. Be3 b6 19. Rxd8 Rxd8 20. g4 Bd4
21. Bxd4 cxd4 22. Nd5 Bxd5 23. exd5 Nf4 24. Rd1 d3 25. cxd3 1/2-1/2

[Event "8eme Open International de La Fere"]
[Site "La Fere (FRA)"]
[Date "2009.07.11"]
[Round "9.14"]
[White "Mulder, Bart-Piet"]
[Black "Deneuville, Ludovic"]
[Result "1-0"]
[WhiteElo "2212"]
[BlackElo "1984"]
[PlyCount "63"]
[EventDate "2009.??.??"]

1. Nf3 d6 2. d4 Nf6 3. c4 Nbd7 4. g3 e5 5. Bg2 Be7 6. O-O c6 7. Nc3 Qc7 8. e4
O-O 9. b3 Re8 10. Bb2 Nf8 11. h3 Ng6 12. Qc2 b5 13. c5 dxc5 14. dxe5 Nd7 15.
Ne2 Ngxe5 16. Nxe5 Nxe5 17. f4 Nd7 18. e5 Bf8 19. g4 Bb7 20. Ng3 Nb6 21. Ne4
Be7 22. f5 Bf8 23. f6 g6 24. Nxc5 Nd5 25. Rae1 Bxc5+ 26. Qxc5 Qb6 27. Qxb6 axb6
28. e6 Rxa2 29. exf7+ Kxf7 30. Rxe8 Kxe8 31. f7+ Kf8 32. Bg7+ 1-0

[Event "8eme Open International de La Fere"]
[Site "La Fere (FRA)"]
[Date "2009.07.11"]
[Round "9.15"]
[White "Videnova, Iva"]
[Black "Feryn, Benjamin"]
[Result "1-0"]
[WhiteElo "2197"]
[BlackElo "1954"]
[PlyCount "133"]
[EventDate "2009.??.??"]

1. e4 e5 2. Nf3 Nc6 3. Bb5 Nge7 4. O-O g6 5. c3 Bg7 6. d4 exd4 7. cxd4 O-O 8.
Nc3 d5 9. exd5 Nxd5 10. Bg5 Nxc3 11. bxc3 Qd5 12. c4 Qd6 13. d5 Ne5 14. Rc1 b6
15. h3 Bd7 16. Nd4 a6 17. Bxd7 Qxd7 18. f4 Nxc4 19. f5 Qxd5 20. f6 Qxg5 21.
fxg7 Qe3+ 22. Kh1 Rfd8 23. Rxc4 c5 24. Qf3 Qxf3 25. Nxf3 Rd5 26. Rfc1 Kxg7 27.
a4 Rc8 28. a5 b5 29. Rd4 Rcd8 30. Rxd5 Rxd5 31. Kg1 Kf6 32. Kf2 c4 33. Ke2 Ke6
34. Rd1 b4 35. Rb1 b3 36. Nd2 Re5+ 37. Kf2 Kd5 38. Rc1 Rf5+ 39. Ke2 Rg5 40. g4
Re5+ 41. Kf2 Ke6 42. Rxc4 Rxa5 43. Nxb3 Ra2+ 44. Kg3 Ra3 45. Rc3 Kf6 46. Rf3+
Kg7 47. Nc5 Ra1 48. Ne4 Rc1 49. Nd6 f5 50. gxf5 gxf5 51. Rxf5 Kg6 52. Ra5 Rc6
53. Ne4 Kh6 54. Nc5 Kg6 55. Rxa6 Rxa6 56. Nxa6 Kg7 57. Kg4 Kg6 58. Nc5 Kh6 59.
Nd7 Kg6 60. h4 Kh6 61. Ne5 Kg7 62. Kg5 Kh8 63. Kh6 Kg8 64. Nf3 Kh8 65. Ng5 Kg8
66. Nxh7 Kh8 67. Ng5 1-0

[Event "8eme Open International de La Fere"]
[Site "La Fere (FRA)"]
[Date "2009.07.11"]
[Round "9.16"]
[White "Waquet, Frederic"]
[Black "Delorme, Laurie"]
[Result "0-1"]
[WhiteElo "2005"]
[BlackElo "2152"]
[PlyCount "34"]
[EventDate "2009.??.??"]

1. e4 e5 2. Nc3 Nf6 3. f4 d5 4. fxe5 Nxe4 5. d3 Nxc3 6. bxc3 Nc6 7. Nf3 f6 8.
exf6 Qxf6 9. Bd2 Bd6 10. Be2 O-O 11. O-O Bg4 12. d4 Qg6 13. Be1 Rae8 14. Bg3
Bxg3 15. hxg3 Qh6 16. Bd3 Qh5 17. Kf2 Bxf3 0-1

[Event "8eme Open International de La Fere"]
[Site "La Fere (FRA)"]
[Date "2009.07.11"]
[Round "9.17"]
[White "Pytel, Bozena"]
[Black "Noiroux, Kevin"]
[Result "0-1"]
[WhiteElo "1957"]
[BlackElo "2145"]
[PlyCount "110"]
[EventDate "2009.??.??"]

1. Nf3 Nf6 2. d4 e6 3. Bg5 h6 4. Bh4 c5 5. c3 Nc6 6. e3 b6 7. Nbd2 Bb7 8. Bd3
cxd4 9. cxd4 Nb4 10. Bb1 Ba6 11. Ne4 Nbd5 12. a3 Be7 13. Nxf6+ Nxf6 14. Bd3
Bxd3 15. Qxd3 Rc8 16. O-O Qc7 17. Bg3 d6 18. h3 O-O 19. Rfd1 Qc2 20. Qa6 Rc7
21. Rd2 Qc4 22. Qxc4 Rxc4 23. Re2 Ne4 24. Bh2 Rfc8 25. Kf1 a5 26. Rd1 b5 27.
Ke1 Kf8 28. Nd2 Nxd2 29. Rexd2 d5 30. Ke2 b4 31. b3 Rc3 32. axb4 Bxb4 33. Rd3
Rc2+ 34. Kf3 Rb2 35. Bg3 f5 36. Bh2 Ke7 37. g4 Rc3 38. Rxc3 Bxc3 39. gxf5 exf5
40. Ra1 Rxf2+ 41. Kxf2 Bxa1 42. Bc7 Bc3 43. Kf3 g5 44. Bb6 Bb4 45. Bc7 h5 46.
Kf2 g4 47. Kg2 Kd7 48. Bb6 Bd2 49. hxg4 fxg4 50. Kf2 h4 51. Ke2 h3 52. Kf2
Bxe3+ 53. Kg3 Bf4+ 54. Kf2 g3+ 55. Kf3 g2 0-1

[Event "8eme Open International de La Fere"]
[Site "La Fere (FRA)"]
[Date "2009.07.11"]
[Round "9.19"]
[White "Demanghon, Jonathan"]
[Black "Eeckhout, Jean-Louis"]
[Result "1-0"]
[WhiteElo "2211"]
[BlackElo "1723"]
[PlyCount "83"]
[EventDate "2009.??.??"]

1. d4 d5 2. c4 c6 3. Nf3 Nf6 4. e3 e6 5. b3 Bb4+ 6. Bd2 Qa5 7. Bd3 Ne4 8. O-O
Bxd2 9. Nbxd2 f5 10. Bxe4 dxe4 11. Ne5 O-O 12. c5 Qc7 13. b4 Nd7 14. Nxd7 Bxd7
15. Qb3 a6 16. Nc4 Rf6 17. f3 exf3 18. Rxf3 Raf8 19. Raf1 Kh8 20. Ne5 g5 21.
Qc3 Kg8 22. g4 Qd8 23. R1f2 Be8 24. Qc4 Qd5 25. Qxd5 cxd5 26. h4 h6 27. Rg2 f4
28. hxg5 hxg5 29. Rgf2 Kg7 30. exf4 Rxf4 31. Rxf4 Rxf4 32. Rxf4 gxf4 33. Kf2
Kf6 34. Kf3 Kg5 35. Nd3 Ba4 36. Nf2 Bc2 37. Nh3+ Kh4 38. Nxf4 Be4+ 39. Ke3 Kxg4
40. Nxe6 Bf5 41. Nc7 Be4 42. Ne8 1-0

[Event "8eme Open International de La Fere"]
[Site "La Fere (FRA)"]
[Date "2009.07.11"]
[Round "9.20"]
[White "Genova, Lyubka"]
[Black "Eggink, Gerhard"]
[Result "1-0"]
[WhiteElo "2209"]
[BlackElo "1979"]
[PlyCount "65"]
[EventDate "2009.??.??"]

1. e4 e5 2. Nf3 Nc6 3. Nc3 Nf6 4. g3 Be7 5. Bg2 O-O 6. O-O d6 7. h3 h6 8. d4
exd4 9. Nxd4 Nxd4 10. Qxd4 Bd7 11. Be3 Re8 12. Rad1 Qc8 13. Kh2 Bc6 14. Rfe1 b5
15. Qd3 Qb7 16. Bd4 b4 17. Nb1 a5 18. c4 Nd7 19. f4 Bf6 20. Nd2 Bxd4 21. Qxd4
Qb6 22. Nf3 Re7 23. e5 dxe5 24. Qxb6 Nxb6 25. Nxe5 Bxg2 26. Kxg2 Rae8 27. b3 f6
28. Nf3 Rxe1 29. Nxe1 Re2+ 30. Kf3 Rxa2 31. c5 Ra3 32. Rd3 a4 33. cxb6 1-0

[Event "8eme Open International de La Fere"]
[Site "La Fere (FRA)"]
[Date "2009.07.11"]
[Round "9.21"]
[White "Wells, Pierre-Alexandre"]
[Black "Tillet, Louis-Juan"]
[Result "0-1"]
[WhiteElo "1499"]
[BlackElo "2190"]
[PlyCount "106"]
[EventDate "2009.??.??"]

1. e4 c5 2. c3 d5 3. exd5 Qxd5 4. d4 Nf6 5. Nf3 e6 6. Be2 Nc6 7. dxc5 Bxc5 8.
Qxd5 Nxd5 9. O-O O-O 10. a3 b6 11. b4 Be7 12. c4 Nf6 13. Bb2 Bb7 14. Nbd2 Rfd8
15. Nb3 a5 16. b5 Nb8 17. a4 Nbd7 18. Rac1 Nc5 19. Nxc5 Bxc5 20. Be5 Ne4 21.
Bf4 f6 22. Be3 Bxe3 23. fxe3 e5 24. Rfd1 Nc5 25. Rxd8+ Rxd8 26. Rd1 Rxd1+ 27.
Bxd1 Be4 28. Nd2 Kf8 29. Nxe4 Nxe4 30. Bc2 Nc5 31. Kf2 g6 32. Ke2 Ke7 33. g3 e4
34. h3 Ke6 35. Kd2 Ke5 36. Ke2 h6 37. Kd2 f5 38. Ke2 g5 39. Kd2 f4 40. gxf4+
gxf4 41. exf4+ Kxf4 42. Ke2 h5 43. h4 Kg4 44. Ke3 Kxh4 45. Bxe4 Nxa4 46. Kf4
Nc5 47. Bb1 a4 48. Kf3 Kg5 49. Kg3 Kf6 50. Kh4 Ke5 51. Kxh5 Kd4 52. Kg4 Kc3 53.
Kf4 Kb2 0-1

[Event "8eme Open International de La Fere"]
[Site "La Fere (FRA)"]
[Date "2009.07.11"]
[Round "9.22"]
[White "Nepveu, Manuel"]
[Black "Mestdagh, Franck"]
[Result "1/2-1/2"]
[WhiteElo "2015"]
[BlackElo "1937"]
[PlyCount "49"]
[EventDate "2009.??.??"]

1. d4 Nf6 2. c4 g6 3. Nc3 Bg7 4. e4 d6 5. Be2 O-O 6. Bg5 h6 7. Be3 e5 8. d5
Nbd7 9. f3 a5 10. Qd2 Kh7 11. g4 Ng8 12. O-O-O Nc5 13. h4 Bd7 14. Bxc5 dxc5 15.
Kb1 Qe7 16. Nh3 Nf6 17. d6 Qxd6 18. Qxd6 cxd6 19. Rxd6 Bc6 20. Rhd1 Ne8 21.
R6d2 Nc7 22. Nd5 Ne6 23. Nb6 Rad8 24. Nd5 Nd4 25. Ng1 1/2-1/2

[Event "8eme Open International de La Fere"]
[Site "La Fere (FRA)"]
[Date "2009.07.11"]
[Round "9.23"]
[White "Pavillon, Guillaume"]
[Black "Neumair, Jerome"]
[Result "0-1"]
[WhiteElo "1843"]
[BlackElo "2007"]
[PlyCount "128"]
[EventDate "2009.??.??"]

1. c4 d5 2. cxd5 Qxd5 3. Nc3 Qa5 4. g3 e5 5. Bg2 c6 6. d3 Be6 7. Nf3 h6 8. O-O
Be7 9. d4 Nd7 10. e4 Ngf6 11. Nh4 Rd8 12. Bd2 Qb6 13. d5 Bg4 14. Qe1 Nc5 15.
Be3 Qb4 16. h3 Bc8 17. Qb1 O-O 18. Qc2 Rfe8 19. Bd2 Qb6 20. Be3 Qb4 21. Bd2
cxd5 22. Nxd5 Qb5 23. Nc7 Qc6 24. Nxe8 Nxe8 25. Nf5 Bxf5 26. exf5 Qf6 27. b4
Nd3 28. Be4 Nxb4 29. Bxb4 Bxb4 30. Rad1 b6 31. Rxd8 Qxd8 32. Rd1 Qb8 33. Qa4
Bd6 34. Qd7 Nf6 35. Qxd6 Qxd6 36. Rxd6 Nxe4 37. Rd7 a5 38. Rb7 Nc3 39. Rxb6
Nxa2 40. Ra6 Nb4 41. Rxa5 f6 42. Ra8+ Kf7 43. Ra7+ Kg8 44. Kg2 Nc6 45. Rd7 h5
46. Kf3 Kh7 47. Ke4 Kh6 48. h4 Kh7 49. f3 Kh6 50. Rc7 Nd4 51. Rc8 g6 52. fxg6
Kxg6 53. Ra8 Ne2 54. g4 hxg4 55. fxg4 Nd4 56. Ra6 Kf7 57. Rd6 Ne6 58. h5 Ke7
59. Ra6 Nc5+ 60. Kf5 Nxa6 61. Kg6 Kf8 62. Kf5 Kg7 63. g5 fxg5 64. Kxg5 Nc5 0-1

[Event "8eme Open International de La Fere"]
[Site "La Fere (FRA)"]
[Date "2009.07.11"]
[Round "9.24"]
[White "Auroy, Didier"]
[Black "Obert, Julien"]
[Result "1-0"]
[WhiteElo "2000"]
[BlackElo "1790"]
[PlyCount "97"]
[EventDate "2009.??.??"]

1. d4 d5 2. c4 c6 3. Nf3 Nf6 4. Nc3 e6 5. Bg5 h6 6. Bh4 Be7 7. Qc2 Nbd7 8. cxd5
exd5 9. e3 O-O 10. Bd3 Re8 11. O-O Ne4 12. Bxe7 Qxe7 13. Rab1 Ndf6 14. Rbe1 Be6
15. Ne5 Nd7 16. Bxe4 Nxe5 17. Bh7+ Kh8 18. dxe5 g6 19. Bxg6 fxg6 20. Qxg6 Qg7
21. Qxg7+ Kxg7 22. f4 Rf8 23. Rf2 h5 24. Rd1 Rad8 25. b4 Kg6 26. Rd4 Rd7 27.
Rfd2 Rfd8 28. g3 b6 29. e4 dxe4 30. Rxd7 Rxd7 31. Rxd7 Bxd7 32. Nxe4 Be6 33. a3
Bd5 34. Nf6 Be6 35. Kf2 c5 36. bxc5 bxc5 37. Ke3 Bf5 38. Ne4 c4 39. Nd6 Bd3 40.
Kd4 Bf1 41. Nxc4 Bh3 42. Ne3 Kf7 43. f5 Ke7 44. Ke4 Kd7 45. Kf4 Kc6 46. Kg5 Kc5
47. Kh4 Bg4 48. Nxg4 hxg4 49. Kxg4 1-0

[Event "8eme Open International de La Fere"]
[Site "La Fere (FRA)"]
[Date "2009.07.11"]
[Round "9.25"]
[White "Feryn, Alexandre"]
[Black "Daniel, Antoine"]
[Result "1/2-1/2"]
[WhiteElo "1994"]
[BlackElo "1835"]
[PlyCount "51"]
[EventDate "2009.??.??"]

1. e4 Nf6 2. e5 Nd5 3. d4 Nb6 4. Nf3 d6 5. Bd3 g6 6. O-O Bg7 7. Re1 O-O 8. h3
dxe5 9. dxe5 Nc6 10. Bf4 Bf5 11. Bxf5 Qxd1 12. Rxd1 gxf5 13. Na3 a6 14. Rd2
Rfd8 15. Rad1 Rxd2 16. Rxd2 Rd8 17. Rxd8+ Nxd8 18. Nd4 e6 19. c3 h6 20. Bg3 c5
21. Nb3 Bf8 22. Na5 Na4 23. N3c4 Be7 24. Kf1 b6 25. Nb3 Nc6 26. Ke2 1/2-1/2

[Event "8eme Open International de La Fere"]
[Site "La Fere (FRA)"]
[Date "2009.07.11"]
[Round "9.26"]
[White "Paillard, Maximilien"]
[Black "Derigny, Philippe"]
[Result "0-1"]
[WhiteElo "1462"]
[BlackElo "1993"]
[PlyCount "100"]
[EventDate "2009.??.??"]

1. e4 d6 2. d4 Nf6 3. Nc3 g6 4. f4 Bg7 5. Nf3 c6 6. Bd3 O-O 7. e5 Ne8 8. Be3 d5
9. h3 b5 10. Qd2 Qa5 11. Ne2 Qxd2+ 12. Bxd2 a5 13. g4 f5 14. g5 e6 15. h4 Kf7
16. h5 Rg8 17. hxg6+ hxg6 18. Rh7 Rh8 19. Rxh8 Bxh8 20. Kf2 Bg7 21. Rh1 Nd7 22.
a3 Bf8 23. Rh7+ Kg8 24. Rh1 Nb6 25. Nh4 Kf7 26. Nc3 Ba6 27. Na2 Bb7 28. Nc1 Nc4
29. Bxc4 dxc4 30. Nf3 Nc7 31. Rh7+ Bg7 32. b3 Nd5 33. bxc4 bxc4 34. Ne2 a4 35.
Nc3 Nc7 36. Na2 Rd8 37. Nb4 c5 38. Na2 Bxf3 39. Kxf3 cxd4 40. Ba5 Rd7 41. Bxc7
Rxc7 42. Nb4 Kg8 43. Rh1 Bf8 44. Rd1 Bxb4 45. axb4 d3 46. cxd3 c3 47. b5 a3 48.
b6 Rb7 49. Ra1 c2 50. Rc1 a2 0-1

[Event "8eme Open International de La Fere"]
[Site "La Fere (FRA)"]
[Date "2009.07.11"]
[Round "9.27"]
[White "Cozette, Michael"]
[Black "Dernoncourt, Christophe"]
[Result "0-1"]
[WhiteElo "2020"]
[BlackElo "1720"]
[PlyCount "88"]
[EventDate "2009.??.??"]

1. e4 e5 2. Nf3 Nc6 3. Bb5 Bc5 4. O-O Nge7 5. c3 O-O 6. d4 exd4 7. cxd4 Bb6 8.
d5 Nb8 9. Bg5 d6 10. Nd4 f6 11. Be3 a6 12. Ba4 Bxd4 13. Bxd4 c5 14. dxc6 Nbxc6
15. Nc3 Be6 16. Re1 Kh8 17. Ne2 Ng6 18. Be3 Qe7 19. Ng3 Rad8 20. Bb6 Rc8 21.
Nf5 Qd7 22. Nxd6 Rb8 23. Nf5 Bxf5 24. exf5 Qxf5 25. Bc2 Qb5 26. Be3 Qxb2 27.
Rc1 Qxa2 28. Qh5 Qf7 29. Bc5 Rfe8 30. Bf5 Rxe1+ 31. Rxe1 Re8 32. Rc1 Re5 33. f4
Rd5 34. Qh3 Qe8 35. Bf2 Nce7 36. Re1 Qd8 37. Be4 Rd1 38. Qf3 Rxe1+ 39. Bxe1
Qd4+ 40. Kf1 b5 41. Bc3 Qc4+ 42. Kg1 Nxf4 43. Bxf6 Qc1+ 44. Kf2 gxf6 0-1

[Event "8eme Open International de La Fere"]
[Site "La Fere (FRA)"]
[Date "2009.07.11"]
[Round "9.28"]
[White "Rouffignac, Tanguy"]
[Black "Soveaux, Jean"]
[Result "1-0"]
[WhiteElo "1740"]
[BlackElo "1947"]
[PlyCount "71"]
[EventDate "2009.??.??"]

1. e4 e5 2. Nf3 Nc6 3. Bc4 Nf6 4. d4 exd4 5. e5 d5 6. Bb5 Ng4 7. h3 Nh6 8. Nxd4
Bd7 9. Bxh6 Nxd4 10. Bxd7+ Qxd7 11. Qxd4 gxh6 12. e6 Qxe6+ 13. Kd1 Bg7 14. Qxg7
O-O-O 15. Re1 Qd7 16. Qg4 f5 17. Qf3 Rhf8 18. Nd2 Qg7 19. Kc1 Kb8 20. a3 Rd6
21. g3 a6 22. Qe3 Rb6 23. Qe5 Qd7 24. Qe7 Qc8 25. Kb1 Ka7 26. Ka2 c5 27. Nb3 c4
28. Nd4 Rff6 29. Re5 Rxb2+ 30. Kxb2 c3+ 31. Ka2 Rb6 32. Nb3 a5 33. Rb1 Qc4 34.
Qc5 a4 35. Qxc4 dxc4 36. Nc5 1-0

[Event "8eme Open International de La Fere"]
[Site "La Fere (FRA)"]
[Date "2009.07.11"]
[Round "9.29"]
[White "Hoelting, Siegfried"]
[Black "Tivol, Thierry"]
[Result "1/2-1/2"]
[WhiteElo "1920"]
[BlackElo "1720"]
[PlyCount "111"]
[EventDate "2009.??.??"]

1. e4 c6 2. d4 d5 3. e5 Bf5 4. Nf3 e6 5. Bd3 Bxd3 6. Qxd3 Nd7 7. O-O Ne7 8. Bg5
Qb6 9. b3 c5 10. Be3 Nf5 11. c3 cxd4 12. cxd4 Nxe3 13. Qxe3 Bb4 14. Nc3 O-O 15.
Na4 Qa5 16. a3 Be7 17. Rfc1 Rfc8 18. h3 b5 19. Nc5 Bxc5 20. dxc5 b4 21. axb4
Qxb4 22. Ra4 Qb5 23. Nd4 Qb8 24. c6 Nxe5 25. Qc3 Qd6 26. c7 Nd7 27. Nb5 Qb6 28.
Qa5 a6 29. Qxb6 Nxb6 30. Nd6 Nxa4 31. bxa4 Kf8 32. Rc6 Ke7 33. Nxc8+ Rxc8 34.
Rxa6 Rxc7 35. Kf1 Kd7 36. a5 Kc8 37. Ra8+ Kb7 38. Rg8 e5 39. Rxg7 h5 40. Rg8
Ka6 41. Ra8+ Ra7 42. Rb8 Kxa5 43. Ke2 Ka6 44. h4 Rb7 45. Ra8+ Kb6 46. Rc8 Rc7
47. Rd8 Kc6 48. Ke3 Rd7 49. Rc8+ Kd6 50. f4 Rc7 51. Rd8+ Ke7 52. Ra8 Rc3+ 53.
Ke2 Ke6 54. Ra7 Rc4 55. g3 Rc3 56. Kf2 1/2-1/2